00867pab a2200133 454500008004000000100001700040245007300057260000900130300001300139362001200152520051500164650002600679773002800705180718b1999 xxu||||| |||| 00| 0 eng d aOquist, Paul aEthics and integrity for developing democratic governance capability c1999 ap.125-33 aJul-Dec aThis reflective essay argues that the synergistic combination of anti-corruption and ethics, and integrity improvement, oversight and citizen participation actions can facilitate transparency, accountability and responsiveness as part of democratic governance capacity building. International learning experiences are an important source of information and analysis for countries undertaking programmes in this area in order to meet the ethics and integrity challenges of the twenty-first century. - Reproduced aPublic administration aJournal of Human Values